000 00827cab a2200265 4500
001 X2865
008 090401t1995 xxu||||| |||| 00| 0 eng d
035 _a(Sirsi) u26939
041 _aeng
100 _aPalmer, A.
245 _aExperiences of construction in Japan
260 _c1995
350 _a0
490 _aCSM (Chartered Surveyor Monthly)
_v5(1) September 1995, 34-35(2)
520 _aLooks at management, business organisation, working conditions, the role of women and culture in the Japanese construction industry, and considers the industry`s future.
650 _aCULTURE
650 _aJAPAN
650 _aMANAGEMENT
650 _aCAREERS, EDUCATION AND TRAINING
650 _aWOMEN
690 _aBUILT ENVIRONMENT
690 _aOVERSEAS-REST OF THE WORLD
942 _n0
948 _c04/03/1997
999 _c18149
_d18149